| 000 | 01289nam a22002177a 4500 | ||
|---|---|---|---|
| 999 |
_c357932 _d357932 |
||
| 003 | IT-MiCISF | ||
| 005 | 20180705171555.0 | ||
| 008 | 180705b ||||| |||| 00| 0 eng d | ||
| 040 | _cIT-MiCISF | ||
| 041 | _ait | ||
| 100 |
_aAcli di Bologna (a cura di) _957288 |
||
| 245 |
_aStorie di vita di migranti _bLo sguardo al passato, al presente, al futuro. Un percorso di empowerment |
||
| 260 |
_aMilano _bFrancoAngeli _c2017 |
||
| 300 | _app. 116 | ||
| 500 | _alavoro, famiglia-migranti, politiche-sociali, società, terzo-settore, solidarietà | ||
| 501 | _aPresentazione di Diaco Filippo | ||
| 520 | _aIl libro, dopo un'introduzione esplicativa, si articola in una prima parte di ricerca realizzata attraverso la somministrazione di un questionario a un campione significativo di migranti, fruitori dei servizi delle Acli presso la sede di Bologna. La seconda parte si articola nella raccolta di storie di vita dei migranti stessi per approfondire la condizione dei soggetti che l'indagine ha poi cercato di ricondurre a "modelli idealtipici" cui fare riferimento sempre nell'azione concreta e quotidiana cui le Acli vogliono rispondere in modo efficace dal punto di vista sociale, economico e culturale. | ||
| 650 |
_asocietà _956109 |
||
| 654 | _aindagine | ||
| 942 |
_2ddc _cBK |
||